[Event "POL-chT3 Dolnoslaskie 1718"]
[Site "Poland"]
[Date "2018.01.07"]
[Round "6.22"]
[White "Lipien, Wieslaw"]
[Black "Siembab, Bartosz"]
[Result "0-1"]
[WhiteElo "2036"]
[BlackElo "2252"]
[PlyCount "62"]
[EventDate "2017.10.08"]
[EventType "team-tourn"]
[EventRounds "11"]
[EventCountry "POL"]
[SourceTitle "EXT 2019"]
[Source "ChessBase"]
[SourceDate "2018.10.10"]
[SourceVersion "1"]
[SourceVersionDate "2018.10.10"]
[SourceQuality "1"]

1. e4 c5 2. Nf3 e6 3. d4 cxd4 4. Nxd4 a6 5. Nc3 Nc6 6. Be2 d6 7. Be3 Nf6 8. 0-0 Be7 9. f4 Qc7 10. Qe1 0-0 11. Qg3 Re8 12. Rad1 Bd7 13. f5 Kh8 14. fxe6 fxe6 15. Kh1 b5 16. a3 Rab8 17. Nxc6 Bxc6 18. Bd3 b4 19. axb4 Rxb4 20. Bc1 Qb7 21. b3 e5 22. Bg5 Nxe4 23. Nxe4 Bxe4 24. Bxa6 Qxa6 25. Bxe7 Bxc2 26. Rf8+ Rxf8 27. Bxf8 Rb7 28. Rc1 Rf7 29. Bxg7+ Rxg7 30. Qh4 Qa8 31. Qh3 Bf5 0-1

[Event "POL-chT3 Dolnoslaskie 1718"]
[Site "Poland"]
[Date "2017.12.10"]
[Round "5.12"]
[White "Lipien, Wieslaw"]
[Black "Szmyd, Marek"]
[Result "1-0"]
[WhiteElo "2036"]
[BlackElo "1940"]
[PlyCount "97"]
[EventDate "2017.10.08"]
[EventType "team-tourn"]
[EventRounds "11"]
[EventCountry "POL"]
[SourceTitle "EXT 2019"]
[Source "ChessBase"]
[SourceDate "2018.10.10"]
[SourceVersion "1"]
[SourceVersionDate "2018.10.10"]
[SourceQuality "1"]

1. e4 b6 2. d4 Bb7 3. Bd3 Nf6 4. f3 Nc6 5. c3 e5 6. d5 Ne7 7. Be3 Ng6 8. Ne2 c6 9. c4 Bd6 10. Nbc3 Qe7 11. Ng3 Nh4 12. Qd2 h6 13. 0-0 g5 14. a3 Bc5 15. b4 Bxe3+ 16. Qxe3 Rc8 17. Rab1 d6 18. dxc6 Bxc6 19. Rfd1 0-0 20. Bf1 Rfd8 21. Rbc1 Bd7 22. Qd2 Be6 23. Nd5 Bxd5 24. cxd5 a5 25. Bb5 axb4 26. axb4 Kh7 27. Qe3 Rxc1 28. Rxc1 Qa7 29. Qc3 Qa2 30. Qc2 Qa3 31. Qc3 Qa2 32. Ne2 Ra8 33. Bc4 Qa4 34. g3 Ng6 35. Bd3 Kg7 36. Qc4 Qa3 37. Qc3 Qa4 38. Qb2 Qd7 39. Kg2 h5 40. Qd2 g4 41. f4 exf4 42. gxf4 h4 43. f5 h3+ 44. Kh1 Ne5 45. Qg5+ Kh7 46. Qxf6 Nxd3 47. Qh4+ Kg7 48. Qg5+ Kh7 49. f6 1-0

[Event "POL-chT3 Dolnoslaskie 1718"]
[Site "Poland"]
[Date "2017.11.19"]
[Round "4.18"]
[White "Marko, Piotr"]
[Black "Lipien, Wieslaw"]
[Result "0-1"]
[WhiteElo "1819"]
[BlackElo "2036"]
[PlyCount "102"]
[EventDate "2017.10.08"]
[EventType "team-tourn"]
[EventRounds "11"]
[EventCountry "POL"]
[SourceTitle "EXT 2019"]
[Source "ChessBase"]
[SourceDate "2018.10.10"]
[SourceVersion "1"]
[SourceVersionDate "2018.10.10"]
[SourceQuality "1"]

1. e4 c5 2. Nf3 d6 3. d4 cxd4 4. Nxd4 Nf6 5. Nc3 a6 6. Bg5 e6 7. f4 Be7 8. Qf3 Qc7 9. 0-0-0 Nbd7 10. g4 b5 11. Bxf6 gxf6 12. Re1 Bb7 13. Bg2 Nb6 14. Qd3 Qc4 15. Qd2 b4 16. Nd5 Nxd5 17. exd5 Bxd5 18. b3 Qc5 19. Bxd5 Qxd5 20. Qxb4 0-0 21. Rhg1 a5 22. Qd2 a4 23. Nf5 Qxd2+ 24. Kxd2 Bd8 25. Ne3 axb3 26. axb3 Ba5+ 27. c3 Rfc8 28. Nc4 Bc7 29. Nb2 d5 30. Rgf1 Ra2 31. Kc2 Ba5 32. b4 Bxb4 33. Kb3 Rxb2+ 34. Kxb2 Bxc3+ 35. Kb3 Bxe1 36. Rxe1 Rc4 37. Rf1 Kg7 38. h3 Re4 39. Rf3 e5 40. f5 d4 41. Kc4 Re1 42. Rg3 h6 43. h4 Rc1+ 44. Kd5 Rc3 45. Rg1 Re3 46. Kc4 d3 47. Kc3 e4 48. Rg2 Kf8 49. Rf2 Ke7 50. Kd4 Re2 51. Rf1 d2 0-1

[Event "POL-chT 2nd League"]
[Site "Szklarska Poreba"]
[Date "2017.09.08"]
[Round "7.17"]
[White "Garbowski, Jakub"]
[Black "Lipien, Wieslaw"]
[Result "0-1"]
[WhiteElo "2156"]
[BlackElo "2030"]
[PlyCount "116"]
[EventDate "2017.09.02"]
[EventType "team-swiss"]
[EventRounds "9"]
[EventCountry "POL"]
[SourceTitle "CBM 180 Extra"]
[Source "ChessBase"]
[SourceDate "2017.10.06"]
[SourceVersion "1"]
[SourceVersionDate "2017.10.06"]
[SourceQuality "1"]
[WhiteTeam "Jaworzno"]
[BlackTeam "Przedwojow Debiut"]
[WhiteTeamCountry "POL"]
[BlackTeamCountry "POL"]

1. e4 c5 2. Nf3 d6 3. d4 cxd4 4. Nxd4 Nf6 5. Nc3 a6 6. Bg5 e6 7. f4 Nbd7 8. Qf3 Qc7 9. 0-0-0 Be7 10. g4 b5 11. Bxf6 gxf6 12. Qe2 Bb7 13. Bg2 Nb6 14. Qf2 b4 15. Nce2 Rc8 16. Ng3 Rg8 17. Nh5 Qc5 18. Qe2 Qc4 19. Qxc4 Nxc4 20. Rd3 Rxg4 21. Bf3 Rg8 22. Re1 Rc5 23. Nb3 Rc7 24. Nd2 Nxd2 25. Kxd2 a5 26. Rd4 f5 27. Kd3 fxe4+ 28. Bxe4 Bxe4+ 29. Rdxe4 Rg2 30. R4e2 Rxe2 31. Rxe2 Rc5 32. f5 Kd7 33. fxe6+ fxe6 34. Ng7 e5 35. Rf2 Rc8 36. Nf5 d5 37. Nxe7 Kxe7 38. Rf5 Ke6 39. Rh5 e4+ 40. Kd2 Rc7 41. c3 bxc3+ 42. bxc3 Kd6 43. Rh6+ Kc5 44. Ra6 Kb5 45. Rd6 Kc4 46. a4 Rc5 47. Kc2 Rc7 48. Re6 Kc5 49. Ra6 Rg7 50. Rxa5+ Kc4 51. Kd2 Rg2+ 52. Ke3 Rxh2 53. Ra7 Rh3+ 54. Kd2 Rd3+ 55. Ke2 Kxc3 56. a5 Kd4 57. Rxh7 Ra3 58. Rd7 Rxa5 0-1

[Event "POL-chT 2nd League"]
[Site "Szklarska Poreba"]
[Date "2017.09.05"]
[Round "4.16"]
[White "Lipien, Wieslaw"]
[Black "Pazderski, Ziemowit"]
[Result "1/2-1/2"]
[WhiteElo "2030"]
[BlackElo "2266"]
[PlyCount "47"]
[EventDate "2017.09.02"]
[EventType "team-swiss"]
[EventRounds "9"]
[EventCountry "POL"]
[SourceTitle "CBM 180 Extra"]
[Source "ChessBase"]
[SourceDate "2017.10.06"]
[SourceVersion "1"]
[SourceVersionDate "2017.10.06"]
[SourceQuality "1"]
[WhiteTeam "Przedwojow Debiut"]
[BlackTeam "Zielonka Zieloni"]
[WhiteTeamCountry "POL"]
[BlackTeamCountry "POL"]

1. e4 g6 2. d4 Bg7 3. Nc3 d6 4. Be3 Nf6 5. f3 a6 6. Qd2 h6 7. a4 c6 8. a5 Nbd7 9. Bc4 Qc7 10. Bb3 c5 11. Nge2 cxd4 12. Nxd4 Ne5 13. Na4 Nfd7 14. Nb6 Rb8 15. 0-0 Nxb6 16. axb6 Qd8 17. h3 Nd7 18. Qb4 0-0 19. Bxf7+ Rxf7 20. Ne6 Qe8 21. Nc7 Qd8 22. Ne6 Qe8 23. Nc7 Qd8 24. Ne6 1/2-1/2

[Event "POL-chT3 Dolnoslaskie 1617"]
[Site "Poland"]
[Date "2017.04.23"]
[Round "10.13"]
[White "Lipien, Wieslaw"]
[Black "Malinowski, Damian"]
[Result "1-0"]
[WhiteElo "2025"]
[BlackElo "1939"]
[PlyCount "63"]
[EventDate "2016.10.16"]
[EventType "team-tourn"]
[EventRounds "11"]
[EventCountry "POL"]
[SourceTitle "EXT 2018"]
[Source "ChessBase"]
[SourceDate "2017.10.13"]
[SourceVersion "1"]
[SourceVersionDate "2017.10.13"]
[SourceQuality "1"]

1. e4 c6 2. d4 d5 3. Nd2 dxe4 4. Nxe4 Bf5 5. Ng3 Bg6 6. Nf3 Nd7 7. h4 h6 8. h5 Bh7 9. Bd3 Bxd3 10. Qxd3 e6 11. Bd2 Ngf6 12. 0-0-0 Be7 13. Ne4 Nxe4 14. Qxe4 Nf6 15. Qe2 Qd5 16. Kb1 Nxh5 17. Ne5 Nf6 18. f3 b5 19. g4 Rf8 20. Rc1 Nd7 21. c4 bxc4 22. Rxc4 Nxe5 23. dxe5 0-0-0 24. Rc2 Kb7 25. Rhc1 Rc8 26. Rc3 Rfd8 27. Rb3+ Ka8 28. Qa6 Rb8 29. Ba5 Rd7 30. Rxc6 Rdb7 31. Qxb7+ Rxb7 32. Rc8+ 1-0

[Event "POL-chT3 Dolnoslaskie 1617"]
[Site "Poland"]
[Date "2017.03.05"]
[Round "8.16"]
[White "Lipien, Wieslaw"]
[Black "Balinski, Damian"]
[Result "0-1"]
[WhiteElo "2025"]
[BlackElo "2168"]
[PlyCount "80"]
[EventDate "2016.10.16"]
[EventType "team-tourn"]
[EventRounds "11"]
[EventCountry "POL"]
[SourceTitle "EXT 2018"]
[Source "ChessBase"]
[SourceDate "2017.10.13"]
[SourceVersion "1"]
[SourceVersionDate "2017.10.13"]
[SourceQuality "1"]

1. e4 d5 2. exd5 Nf6 3. d4 Nxd5 4. c4 Nb6 5. Nc3 e5 6. Be3 exd4 7. Qxd4 Qxd4 8. Bxd4 Nc6 9. Be3 Be6 10. b3 Bb4 11. Rc1 0-0-0 12. Nf3 Bg4 13. Be2 Bxf3 14. gxf3 Nd4 15. Bd1 Nf5 16. Bxb6 axb6 17. 0-0 Rd2 18. Nd5 Bd6 19. f4 Nd4 20. Bg4+ f5 21. Bd1 Re8 22. b4 Rxa2 23. c5 bxc5 24. bxc5 Bf8 25. Rc4 Rd2 26. c6 Nxc6 27. Bf3 Rd8 28. Ne3 Nd4 29. Bg2 b5 30. Rc6 Nxc6 31. Bxc6 R8d6 32. Bxb5 Rb2 33. Ba4 Rb4 34. Bc2 g6 35. Ra1 Bh6 36. Ra8+ Kb7 37. Ra5 Kb6 38. Re5 c6 39. Re8 Bxf4 40. Kg2 Bxe3 0-1

[Event "POL-chT3 Dolnoslaskie 1617"]
[Site "Poland"]
[Date "2017.01.22"]
[Round "6.16"]
[White "Wrobel, Maciej"]
[Black "Lipien, Wieslaw"]
[Result "0-1"]
[WhiteElo "1996"]
[BlackElo "2025"]
[PlyCount "88"]
[EventDate "2016.10.16"]
[EventType "team-tourn"]
[EventRounds "11"]
[EventCountry "POL"]
[SourceTitle "EXT 2018"]
[Source "ChessBase"]
[SourceDate "2017.10.13"]
[SourceVersion "1"]
[SourceVersionDate "2017.10.13"]
[SourceQuality "1"]

1. e4 c5 2. Nf3 d6 3. d4 cxd4 4. Nxd4 Nf6 5. Nc3 a6 6. g3 e6 7. Bg2 Qc7 8. 0-0 Be7 9. a4 Nc6 10. Be3 0-0 11. f4 Nxd4 12. Bxd4 e5 13. Bf2 Ng4 14. Nd5 Nxf2 15. Nxc7 Nxd1 16. Nxa8 Ne3 17. Rf2 exf4 18. gxf4 d5 19. Kh1 Nxg2 20. Rxg2 dxe4 21. Nb6 Be6 22. Rd1 h5 23. Nd5 Bd8 24. Kg1 Bg4 25. Rdd2 Re8 26. Ne3 Bb6 27. Kf2 Re6 28. Rxg4 hxg4 29. Ke2 Rh6 30. Nxg4 Rh4 31. h3 Rxh3 32. Rd7 f5 33. Rxb7 Bc5 34. Rc7 Bd6 35. Rc8+ Kf7 36. Ne5+ Bxe5 37. fxe5 g5 38. Ra8 f4 39. Rxa6 Rh2+ 40. Kd1 f3 41. Rf6+ Ke7 42. a5 g4 43. a6 e3 44. a7 Rh1# 0-1

[Event "POL-chT3 Dolnoslaskie 1617"]
[Site "Poland"]
[Date "2016.11.27"]
[Round "3.3"]
[White "Lipien, Wieslaw"]
[Black "Stankiewicz, Pawel"]
[Result "0-1"]
[WhiteElo "2025"]
[BlackElo "2162"]
[PlyCount "114"]
[EventDate "2016.10.16"]
[EventType "team-tourn"]
[EventRounds "11"]
[EventCountry "POL"]
[SourceTitle "EXT 2018"]
[Source "ChessBase"]
[SourceDate "2017.10.13"]
[SourceVersion "1"]
[SourceVersionDate "2017.10.13"]
[SourceQuality "1"]

1. e4 e6 2. d4 d5 3. Nd2 Nf6 4. e5 Nfd7 5. Bd3 c5 6. c3 Nc6 7. Ne2 cxd4 8. cxd4 f6 9. exf6 Nxf6 10. 0-0 Bd6 11. Nf3 Qc7 12. Bg5 0-0 13. Qc2 h6 14. Bh4 Bd7 15. Bg3 Nh5 16. Rac1 Nxg3 17. hxg3 Be8 18. b4 Bxb4 19. Nf4 Rxf4 20. gxf4 Qxf4 21. Qe2 Bf7 22. Qe3 Bd6 23. Bb5 Ne7 24. Ne5 Qh4 25. g3 Qf6 26. Nxf7 Kxf7 27. Bd3 Nc6 28. Rfd1 Nxd4 29. Bg6+ Kxg6 30. Rxd4 Rf8 31. Rd2 Kh7 32. Qxa7 Qf3 33. Qd4 Rf5 34. Qd3 Qg4 35. Kg2 Bf4 36. Rdc2 Bxc1 37. Rxc1 Qg6 38. Qb3 Qf7 39. Qc2 g6 40. Rb1 Qd7 41. Qb2 Qf7 42. Qd4 Qc7 43. Rb3 Rf7 44. Rc3 Qd6 45. f4 Qa6 46. Rc8 Qe2+ 47. Kg1 Qe1+ 48. Kh2 Rg7 49. Qf6 Qe2+ 50. Kg1 Qe3+ 51. Kh2 g5 52. Qf8 gxf4 53. Qh8+ Kg6 54. Qe8+ Kg5 55. Qd8+ Kg4 56. Qh4+ Kf3 57. Qh5+ Ke4 0-1

[Event "POL-chT3 Dolnoslaskie 1617"]
[Site "Poland"]
[Date "2016.10.16"]
[Round "1.7"]
[White "Swicarz, Maciej"]
[Black "Lipien, Wieslaw"]
[Result "1-0"]
[WhiteElo "2294"]
[BlackElo "2025"]
[PlyCount "95"]
[EventDate "2016.10.16"]
[EventType "team-tourn"]
[EventRounds "11"]
[EventCountry "POL"]
[SourceTitle "EXT 2018"]
[Source "ChessBase"]
[SourceDate "2017.10.13"]
[SourceVersion "1"]
[SourceVersionDate "2017.10.13"]
[SourceQuality "1"]

1. e4 c5 2. Nf3 d6 3. d4 cxd4 4. Nxd4 Nf6 5. Nc3 a6 6. Be3 e5 7. Nb3 Be7 8. f3 Be6 9. Qe2 Nbd7 10. g4 Nb6 11. g5 Nfd7 12. 0-0-0 Qc7 13. Kb1 0-0-0 14. h4 Nc5 15. Qf2 Kb8 16. f4 f6 17. f5 Bf7 18. Be2 Rc8 19. Bf3 Nc4 20. Bc1 Nd7 21. g6 Bg8 22. gxh7 Rxh7 23. Nd5 Bxd5 24. Rxd5 Ndb6 25. Rd3 Na4 26. Rh2 d5 27. exd5 Bd6 28. Be4 Nc5 29. Nxc5 Bxc5 30. Qe2 Nd6 31. Rg3 Qa5 32. Rg4 Bd4 33. c3 Bc5 34. Rhg2 Rc7 35. Bc2 Ba7 36. Qd1 Qb6 37. R2g3 Nb5 38. Ka1 Qd6 39. a4 Bf2 40. Rf3 Nxc3 41. bxc3 Qc5 42. Ka2 Rxh4 43. Rxh4 Bxh4 44. Ba3 Qb6 45. d6 Rd7 46. Bb3 Bf2 47. Qd5 Bg1 48. a5 1-0

[Event "POL-chT3 Dolnoslaskie 1516"]
[Site "Poland"]
[Date "2016.02.21"]
[Round "7.12"]
[White "Lipien, Wieslaw"]
[Black "Walasiak, Dariusz"]
[Result "1-0"]
[WhiteElo "2046"]
[BlackElo "2058"]
[PlyCount "49"]
[EventDate "2015.10.18"]
[EventType "team-tourn"]
[EventRounds "11"]
[EventCountry "POL"]
[SourceTitle "EXT 2018"]
[Source "ChessBase"]
[SourceDate "2017.10.13"]
[SourceVersion "1"]
[SourceVersionDate "2017.10.13"]
[SourceQuality "1"]

1. e4 c5 2. Nf3 d6 3. d4 cxd4 4. Nxd4 Nf6 5. Nc3 a6 6. Bc4 e6 7. Bb3 Be7 8. Be3 Qc7 9. f3 Nc6 10. Qd2 Na5 11. 0-0-0 Nc4 12. Qd3 Nxe3 13. Qxe3 Bd7 14. g4 Qc5 15. Kb1 b5 16. g5 Nh5 17. f4 g6 18. f5 e5 19. Nd5 exd4 20. Rxd4 Ra7 21. e5 Bxf5 22. exd6 Be6 23. Qe5 Bxd6 24. Qxh8+ Bf8 25. Rhd1 1-0

[Event "POL-chT3 Dolnoslaskie 1415"]
[Site "Poland"]
[Date "2015.01.11"]
[Round "5.1"]
[White "Lipien, Wieslaw"]
[Black "Piotrowski, Przemyslaw"]
[Result "1/2-1/2"]
[WhiteElo "2038"]
[BlackElo "2168"]
[PlyCount "80"]
[EventDate "2014.10.26"]
[EventType "team-tourn"]
[EventRounds "11"]
[EventCountry "POL"]
[SourceTitle "EXT 2018"]
[Source "ChessBase"]
[SourceDate "2017.10.13"]
[SourceVersion "1"]
[SourceVersionDate "2017.10.13"]
[SourceQuality "1"]
[WhiteTeam "Przedwojow Debiut"]
[BlackTeam "Wroclaw KS Polonia"]
[WhiteTeamCountry "POL"]
[BlackTeamCountry "POL"]

1. e4 c5 2. Nf3 d6 3. d4 cxd4 4. Nxd4 Nf6 5. Nc3 Nc6 6. Bc4 e6 7. Bb3 a6 8. Be3 Na5 9. f3 b5 10. Qe2 Bb7 11. 0-0-0 Qc7 12. Kb1 Nxb3 13. axb3 Be7 14. g4 0-0 15. h4 b4 16. Na2 d5 17. exd5 Nxd5 18. Bc1 Rac8 19. g5 Nf4 20. Qf2 Rfd8 21. Rhe1 g6 22. h5 Nxh5 23. Qe3 Bd5 24. c4 bxc3 25. Nxc3 Qb6 26. Nf5 Bc5 27. Ne7+ Kf8 28. Nxc8 Bxe3 29. Nxb6 Bxb6 30. Nxd5 exd5 31. Bd2 d4 32. Rc1 d3 33. Rc6 Bf2 34. Rf1 Bd4 35. Rxa6 Ng3 36. Rd1 Ne2 37. b4 Rc8 38. Rd6 Bf2 39. Rf1 Bd4 40. Rd1 Bf2 1/2-1/2

[Event "POL-chT3 Dolnoslaskie 1415"]
[Site "Poland"]
[Date "2014.11.23"]
[Round "3.6"]
[White "Lipien, Wieslaw"]
[Black "Cukrowski, Filip"]
[Result "0-1"]
[WhiteElo "2038"]
[BlackElo "2194"]
[PlyCount "56"]
[EventDate "2014.10.26"]
[EventType "team-tourn"]
[EventRounds "11"]
[EventCountry "POL"]
[SourceTitle "EXT 2018"]
[Source "ChessBase"]
[SourceDate "2017.10.13"]
[SourceVersion "1"]
[SourceVersionDate "2017.10.13"]
[SourceQuality "1"]
[WhiteTeam "Przedwojow Debiut"]
[BlackTeam "Wolow WKSz"]
[WhiteTeamCountry "POL"]
[BlackTeamCountry "POL"]

1. e4 c5 2. Nf3 Nc6 3. d4 cxd4 4. Nxd4 Nf6 5. Nc3 d6 6. Bc4 e5 7. Nb3 Be6 8. Bxe6 fxe6 9. Bg5 Be7 10. Qd2 0-0 11. 0-0-0 a6 12. f3 Qc7 13. Kb1 b5 14. f4 b4 15. Na4 Nxe4 16. Qe3 Bxg5 17. Qxe4 Rxf4 18. Qd3 Be7 19. Rhf1 Rxf1 20. Rxf1 Nd8 21. Qf3 d5 22. c4 e4 23. Qe3 Qxc4 24. Rc1 Qb5 25. Nb6 Rb8 26. Nc8 Bf6 27. Nd6 Qd7 28. Qg3 e5 0-1

[Event "POL-chT3 Dolnoslaskie 1314"]
[Site "Poland"]
[Date "2013.11.03"]
[Round "2.21"]
[White "Lipien, Wieslaw"]
[Black "Daniel, Damian"]
[Result "1-0"]
[WhiteElo "2066"]
[BlackElo "1879"]
[PlyCount "119"]
[EventDate "2013.10.20"]
[EventType "team-tourn"]
[EventRounds "11"]
[EventCountry "POL"]
[SourceTitle "EXT 2018"]
[Source "ChessBase"]
[SourceDate "2017.10.13"]
[SourceVersion "1"]
[SourceVersionDate "2017.10.13"]
[SourceQuality "1"]
[WhiteTeam "Przedwojow Debiut"]
[BlackTeam "Zarow Goniec"]
[WhiteTeamCountry "POL"]
[BlackTeamCountry "POL"]

1. e4 c5 2. Nf3 d6 3. d4 cxd4 4. Nxd4 Nf6 5. Nc3 a6 6. Bc4 e6 7. Bb3 Nbd7 8. Be3 Nc5 9. f3 Be7 10. Qd2 Qc7 11. 0-0-0 b5 12. g4 b4 13. Na4 Bd7 14. Qxb4 Rb8 15. Qc3 0-0 16. Nxc5 dxc5 17. g5 Nh5 18. Ne2 Rfc8 19. Ng3 Nxg3 20. hxg3 c4 21. Qxc4 Qa5 22. Qd4 Bc5 23. Qd2 Bxe3 24. Qxe3 Ba4 25. Kb1 Bxb3 26. axb3 Qc7 27. Rd2 Qxg3 28. Rdh2 Kf8 29. Rxh7 Qc7 30. Rh8+ Ke7 31. Rxc8 Rxc8 32. Qd3 Qc6 33. Rd1 e5 34. c3 f6 35. gxf6+ gxf6 36. Qd5 Qxd5 37. Rxd5 Rg8 38. b4 Rg3 39. Rd3 Ke6 40. c4 f5 41. exf5+ Kxf5 42. c5 Rg8 43. Rc3 Rb8 44. Rc4 Ke6 45. Kc2 Kd5 46. b3 Rc8 47. Rc3 e4 48. fxe4+ Kxe4 49. Rh3 Kd5 50. Kc3 Kc6 51. Rh6+ Kb7 52. Kc4 Rg8 53. Rb6+ Ka7 54. b5 Rg4+ 55. Kc3 axb5 56. Rxb5 Ka6 57. Rb6+ Ka7 58. b4 Rh4 59. Rg6 Kb7 60. Rd6 1-0

[Event "Polanica Zdroj op-B 49th"]
[Site "Polanica Zdroj"]
[Date "2013.08.??"]
[Round "1"]
[White "Dzieczkaniec, Piotr"]
[Black "Lipien, Wieslaw"]
[Result "1/2-1/2"]
[WhiteElo "1896"]
[BlackElo "2066"]
[PlyCount "112"]
[EventDate "2013.08.17"]
[EventType "swiss"]
[EventRounds "9"]
[EventCountry "POL"]
[SourceTitle "CBM 156 Extra"]
[Source "ChessBase"]
[SourceDate "2013.10.22"]
[SourceVersion "1"]
[SourceVersionDate "2013.10.22"]
[SourceQuality "1"]

1. e4 c5 2. Nf3 d6 3. d4 cxd4 4. Nxd4 Nf6 5. Nc3 a6 6. Be3 e5 7. Nf3 Be6 8. Ng5 Be7 9. Nxe6 fxe6 10. g4 d5 11. g5 d4 12. gxf6 Bxf6 13. Qg4 Qb6 14. Bd2 dxc3 15. Bxc3 0-0 16. Bc4 Nc6 17. Bxe6+ Kh8 18. Bf5 g6 19. Bd7 Nd4 20. 0-0-0 Bg7 21. Bxd4 exd4 22. Rhf1 Rad8 23. Rd3 Qc7 24. Be6 Qxh2 25. Rh3 Qf4+ 26. Qxf4 Rxf4 27. f3 d3 28. c3 Be5 29. Bd5 Rf6 30. Kd2 b5 31. Kxd3 b4 32. cxb4 Bxb2 33. f4 Rc8 34. Rh2 Rc3+ 35. Kd2 Rc7 36. Rb1 Bc3+ 37. Ke3 Rf8 38. e5 g5 39. fxg5 Bxe5 40. Rh4 Rc3+ 41. Ke4 Bg3 42. Kd4 Rc2 43. Rh3 Rd2+ 44. Kc3 Bf4 45. Be4 Rc8+ 46. Kb3 Rc7 47. Rbh1 Rdd7 48. g6 h6 49. Rf1 Bg5 50. a4 Rd4 51. Bd3 Rb7 52. b5 axb5 53. axb5 Kg7 54. Rhf3 Rxd3+ 55. Rxd3 Rxb5+ 56. Kc4 Rb6 1/2-1/2

[Event "Polanica Zdroj op-B 49th"]
[Site "Polanica Zdroj"]
[Date "2013.08.??"]
[Round "2"]
[White "Lipien, Wieslaw"]
[Black "Szostko, Jakub"]
[Result "1-0"]
[WhiteElo "2066"]
[BlackElo "1895"]
[PlyCount "93"]
[EventDate "2013.08.17"]
[EventType "swiss"]
[EventRounds "9"]
[EventCountry "POL"]
[SourceTitle "CBM 156 Extra"]
[Source "ChessBase"]
[SourceDate "2013.10.22"]
[SourceVersion "1"]
[SourceVersionDate "2013.10.22"]
[SourceQuality "1"]

1. e4 c5 2. Nf3 e6 3. d4 cxd4 4. Nxd4 Nf6 5. Nc3 d6 6. Bc4 a6 7. Bb3 Nc6 8. Be3 Qc7 9. f3 Be7 10. Qd2 Nxd4 11. Bxd4 e5 12. Be3 Be6 13. 0-0-0 b5 14. g4 Bxb3 15. axb3 Rc8 16. g5 b4 17. gxf6 bxc3 18. Qxc3 Qxc3 19. bxc3 gxf6 20. Kb2 Rg8 21. Rhg1 Kd7 22. f4 Kc6 23. c4 h5 24. f5 Rce8 25. Rxg8 Rxg8 26. Rg1 Rxg1 27. Bxg1 Bd8 28. b4 Bc7 29. Kb3 Bd8 30. Ka4 Kb7 31. c5 Be7 32. cxd6 Bxd6 33. c4 Kc6 34. b5+ Kb7 35. c5 Bf8 36. b6 Bh6 37. Kb4 Bd2+ 38. Kc4 Kc6 39. Bf2 Bc1 40. Be1 Be3 41. Bb4 Bf2 42. b7 Kxb7 43. Kd5 Bg1 44. h3 Bd4 45. Kd6 a5 46. Bxa5 Ka6 47. c6 1-0

[Event "Polanica Zdroj op-A 47th"]
[Site "Polanica Zdroj"]
[Date "2011.??.??"]
[Round "3"]
[White "Lipien, Wieslaw"]
[Black "Parol, Pawel"]
[Result "1-0"]
[WhiteElo "2076"]
[BlackElo "1918"]
[PlyCount "75"]
[EventDate "2011.08.19"]
[EventType "swiss"]
[EventRounds "9"]
[EventCountry "POL"]
[SourceTitle "CBM 144 Extra"]
[Source "ChessBase"]
[SourceDate "2011.10.28"]
[SourceVersion "1"]
[SourceVersionDate "2011.10.28"]
[SourceQuality "1"]

1. e4 e6 2. d4 d5 3. Nd2 Nf6 4. e5 Nfd7 5. Bd3 c5 6. c3 b6 7. Ne2 Ba6 8. Bxa6 Nxa6 9. 0-0 Nc7 10. f4 g6 11. Kh1 Be7 12. Nf3 Qc8 13. Be3 Qa6 14. b3 Rc8 15. Qd2 0-0 16. g4 cxd4 17. Nexd4 Qb7 18. b4 f6 19. Qg2 a5 20. c4 b5 21. Rac1 Qa6 22. Rc3 Na8 23. Rfc1 Rxc4 24. f5 exf5 25. gxf5 fxe5 26. Nxe5 Nxe5 27. Qxd5+ Nf7 28. fxg6 hxg6 29. Rxc4 bxc4 30. Ne6 Rb8 31. Rg1 Kh7 32. Rxg6 Qb7 33. Rg7+ Kh8 34. Qxb7 Rxb7 35. Rxf7 Rd7 36. Bd4+ Rxd4 37. Nxd4 Bd6 38. Nb5 1-0

[Event "Polanica Zdroj op-B 44th"]
[Site "Polanica Zdroj"]
[Date "2008.08.21"]
[Round "3"]
[White "Pac, Maciej"]
[Black "Lipien, Wieslaw"]
[Result "0-1"]
[WhiteElo "1826"]
[BlackElo "2099"]
[PlyCount "47"]
[EventDate "2008.08.19"]
[EventType "swiss"]
[EventRounds "10"]
[EventCountry "POL"]
[SourceTitle "CBM 126 Extra"]
[Source "ChessBase"]
[SourceDate "2008.11.05"]
[SourceVersion "1"]
[SourceVersionDate "2008.11.05"]
[SourceQuality "1"]

1. e4 c5 2. Nf3 d6 3. d4 cxd4 4. Nxd4 Nf6 5. Nc3 a6 6. Bg5 Nbd7 7. Qd2 Qc7 8. 0-0-0 e6 9. f3 h6 10. Bh4 Be7 11. g4 Nxe4 12. Nxe4 Bxh4 13. f4 d5 14. Nf3 Be7 15. Nf2 Bd6 16. Nh3 Nf8 17. Qd4 Bc5 18. Qc3 Bb6 19. Qxc7 Bxc7 20. g5 hxg5 21. Nfxg5 Rh4 22. f5 exf5 23. Bg2 Be6 24. Rhe1 0-1

[Event "Polanica Zdroj op-B 44th"]
[Site "Polanica Zdroj"]
[Date "2008.08.20"]
[Round "2"]
[White "Lipien, Wieslaw"]
[Black "Khamidov, Komil"]
[Result "1/2-1/2"]
[WhiteElo "2099"]
[BlackElo "1932"]
[PlyCount "77"]
[EventDate "2008.08.19"]
[EventType "swiss"]
[EventRounds "10"]
[EventCountry "POL"]
[SourceTitle "CBM 126 Extra"]
[Source "ChessBase"]
[SourceDate "2008.11.05"]
[SourceVersion "1"]
[SourceVersionDate "2008.11.05"]
[SourceQuality "1"]

1. e4 c5 2. b4 cxb4 3. d4 d5 4. e5 Nc6 5. Be3 Bf5 6. Bd3 Bxd3 7. Qxd3 e6 8. Ne2 f6 9. exf6 Nxf6 10. 0-0 Bd6 11. Nd2 0-0 12. h3 Rc8 13. Bf4 Na5 14. Qe3 Qd7 15. Bxd6 Qxd6 16. c3 Nc4 17. Nxc4 Rxc4 18. cxb4 Rxb4 19. Rab1 Rxb1 20. Rxb1 b6 21. Rc1 Re8 22. Ng3 e5 23. Nf5 Qd7 24. Qg5 Ne4 25. Qg4 Nf6 26. Nh6+ Kh8 27. Qxd7 Nxd7 28. Rc7 gxh6 29. Rxd7 exd4 30. Kf1 Re5 31. f4 Rf5 32. Ke2 Rxf4 33. Rxa7 Re4+ 34. Kd3 Re1 35. Kxd4 Rd1+ 36. Ke5 d4 37. Kf6 Rf1+ 38. Ke5 d3 39. Rd7 1/2-1/2

[Event "Polanica Zdroj op-B 44th"]
[Site "Polanica Zdroj"]
[Date "2008.08.19"]
[Round "1"]
[White "Galyga, Jozef"]
[Black "Lipien, Wieslaw"]
[Result "0-1"]
[WhiteElo "1884"]
[BlackElo "2099"]
[PlyCount "100"]
[EventDate "2008.08.19"]
[EventType "swiss"]
[EventRounds "10"]
[EventCountry "POL"]
[SourceTitle "CBM 126 Extra"]
[Source "ChessBase"]
[SourceDate "2008.11.05"]
[SourceVersion "1"]
[SourceVersionDate "2008.11.05"]
[SourceQuality "1"]

1. e4 c5 2. Nf3 d6 3. g3 g6 4. Bg2 Bg7 5. 0-0 Nc6 6. d3 e6 7. Nh4 Nge7 8. f4 Qb6 9. c3 0-0 10. Nd2 Qc7 11. Ndf3 b5 12. a3 b4 13. Qc2 Rb8 14. Be3 a5 15. d4 cxd4 16. cxd4 Qb6 17. Rfd1 d5 18. e5 Ba6 19. Rdc1 Rfc8 20. Qc5 bxa3 21. Qxb6 Rxb6 22. bxa3 Rb3 23. Bd2 Bf8 24. Bf1 Bxf1 25. Kxf1 a4 26. Ke2 Rcb8 27. Bc3 Nf5 28. Nxf5 gxf5 29. Nd2 Rxa3 30. Rxa3 Bxa3 31. Rb1 Rxb1 32. Nxb1 Be7 33. Kd1 Kf8 34. Kc1 Ke8 35. Kb2 Kd7 36. Nd2 Na7 37. Nf3 h6 38. h3 Kc6 39. Ne1 Kb5 40. Ng2 Nc8 41. Ne3 Nb6 42. Kc2 Nc4 43. Ng2 h5 44. Kd3 Bb4 45. Ne1 Bxc3 46. Kxc3 Ne3 47. Nf3 Nf1 48. Ng5 Nxg3 49. Nxf7 Ne2+ 50. Kb2 Nxf4 0-1